ՀՀ Գիտությունների ազգային ակադեմիայի հիմնարար գիտական գրադարան  =   Fundamental Scientific Library of NAS RA
Normal view MARC view

Entry Personal Name

Number of records used in: 26

001 - CONTROL NUMBER

  • control field: 1238

003 - CONTROL NUMBER IDENTIFIER

  • control field: AM-YEHGA

005 - DATE AND TIME OF LATEST TRANSACTION

  • control field: 20250617070426.0

008 - FIXED-LENGTH DATA ELEMENTS

  • fixed length control field: 050131 a|ac|n|aab||||||||||||a |n|||||||

040 ## - CATALOGING SOURCE

  • Original cataloging agency: AM-YEHGA

100 1# - HEADING--PERSONAL NAME

  • Personal name: Խուրշուդյան, Լենդրուշ Արշակի,
  • Dates associated with a name: 1927-1999

370 ## - ASSOCIATED PLACE

  • Place of birth: գ. Շինուհայր (Հայաստան)
  • Place of death: ք. Երևան (Հայաստան)

372 ## - FIELD OF ACTIVITY

  • Field of activity: Պատմություն

373 ## - ASSOCIATED GROUP

  • Associated group: Երևանի պետական համալսարան
  • Start period: 1946
  • End period: 1951

374 ## - OCCUPATION

  • Occupation: Պատմաբան

375 ## - GENDER

  • Gender: Արական

400 1# - SEE FROM TRACING--PERSONAL NAME

  • Personal name: Խուրշուդյան, Լենդրուշ Արշակի,
  • Dates associated with a name: 1927-1999

400 1# - SEE FROM TRACING--PERSONAL NAME

  • Personal name: Խուրշուդյան, Լենդրոշ Արշակի,
  • Dates associated with a name: 1927-1999

400 1# - SEE FROM TRACING--PERSONAL NAME

  • Personal name: Խուրշուդյան, Լենդրուշ,
  • Dates associated with a name: 1927-1999

400 1# - SEE FROM TRACING--PERSONAL NAME

  • Personal name: Խուրշուդյան, Լ.Ա.
  • Fuller form of name: (Լենդրուշ Արշակի),
  • Dates associated with a name: 1927-1999

400 1# - SEE FROM TRACING--PERSONAL NAME

  • Personal name: Խուրշուդյան, Լ.
  • Fuller form of name: (Լենդրուշ),
  • Dates associated with a name: 1927-1999

400 1# - SEE FROM TRACING--PERSONAL NAME

  • Personal name: Хуршудян, Лендруш Аршакович,
  • Dates associated with a name: 1927-1999

400 1# - SEE FROM TRACING--PERSONAL NAME

  • Personal name: Хуршудян, Л.А.
  • Fuller form of name: (Лендруш Аршакович),
  • Dates associated with a name: 1927-1999

400 1# - SEE FROM TRACING--PERSONAL NAME

  • Personal name: Хуршудян, Л.
  • Fuller form of name: (Лендруш),
  • Dates associated with a name: 1927-1999

400 1# - SEE FROM TRACING--PERSONAL NAME

  • Personal name: Khurshudyan, Lendrush Arshaki,
  • Dates associated with a name: 1927-1999

670 ## - SOURCE DATA FOUND

  • Source citation: https://hy.wikipedia.org/wiki/Լենդրուշ_Խուրշուդյան

670 ## - SOURCE DATA FOUND

  • Source citation: http://surl.li/hlriq

670 ## - SOURCE DATA FOUND

  • Source citation: Հայկական համառոտ հանրագիտարան, 1995 :
  • Information found: հ. 2 (Խուրշուդյան Լենդրուշ Արշակի (ծ. 1.5.1927, գ. Շինուհայր (ՀՀ Գորիսի շրջ.)), պատմաբան։ ՀՀ ԳԱԱ թղթ. անդամ (1990)։ Պատմ. գիտ. դ-ր (1966), պրոֆ. (1980)։ Աշխատել է ՀՀ ԳԱԱ պատմ. ին-տում (1956-74), Խ. Աբովյանի անվ. ՀՄԻ-ում (1977)։ ԵՊՀ հայ ժող. պատմ. ամբիոնի վարիչ (1977-ից))

670 ## - SOURCE DATA FOUND

  • Source citation: Հայաստանում սոցիալիստական մրցության պատմությունից (1928-1932), 1961 :
  • Information found: տիտղթ. (Լ.Ա. Խուրշուդյան)

670 ## - SOURCE DATA FOUND

  • Source citation: Հայաստանի բաժանումը 1920 թվականին, 2002 :
  • Information found: տիտղթ. (Լ. Խուրշուդյան); վերջ. (Խուրշուդյան Լենդրուշ)

670 ## - SOURCE DATA FOUND

  • Source citation: Միջազգային կոմունիստական շարժումը ժամանակակից էտապում = Международное коммунистическое движение на современном этапе, 1960 :
  • Information found: վերջ. (Խուրշուդյան Լենդրոշ Արշակի)

670 ## - SOURCE DATA FOUND

  • Source citation: Истина - единственный критерий исторической науки :Причина и цели нового этапа антиармянской кампании, развернувшейся в Азербайджане в связи с проблемой Нагорного Карабаха, 1989 :
  • Information found: т.л. (Л.А. Хуршудян); конц. (Хуршудян Лендруш Аршакович)


ՀՀ ԳԱԱ հիմնարար գիտական գրադարան
ՀՀ,Երևան 0019
Մարշալ Բաղրամյան 24/6
հեռախոս:(374-10) 52-47-50
Հետադարձ կապ

All site content, except where otherwise noted, is licensed under a
Creative Commons License